Профессиональные риски работников в условиях севера; Творчество юных - шаг в успешное будущее

Dades bibliogràfiques
Parent link:Творчество юных - шаг в успешное будущее.— 2017.— [С. 285-288]
Autor principal: Минеев В. Е.
Altres autors: Аксенова М. В. (научный руководитель), Сербина А. С., Федотов А. С.
Sumari:Заглавие с титульного экрана
Idioma:rus
Publicat: 2017
Col·lecció:Человек в Арктике. Человеческий организм, его возможности и адаптация в условияхдлительного пребывания в экстремальных арктических условиях
Matèries:
Accés en línia:http://earchive.tpu.ru/handle/11683/45599
Format: MixedMaterials Electrònic Capítol de llibre
KOHA link:https://koha.lib.tpu.ru/cgi-bin/koha/opac-detail.pl?biblionumber=625818

MARC

LEADER 00000naa2a2200000 4500
001 625818
005 20231101133400.0
035 |a (RuTPU)RU\TPU\conf\25078 
035 |a RU\TPU\conf\25077 
090 |a 625818 
100 |a 20171221d2017 k y0rusy50 ca 
101 0 |a rus 
102 |a RU 
105 |a y z 101zy 
135 |a drcn ---uucaa 
181 0 |a i  
182 0 |a b 
200 1 |a Профессиональные риски работников в условиях севера  |f В. Е. Минеев, М. В. Аксенова, А. С. Сербина  |g науч. рук. А. С. Федотов 
203 |a Текст  |c электронный 
225 1 |a Человек в Арктике. Человеческий организм, его возможности и адаптация в условияхдлительного пребывания в экстремальных арктических условиях 
230 |a 1 компьютерный файл (pdf; 580 Kb) 
300 |a Заглавие с титульного экрана 
320 |a [Библиогр.: с. 288 (7 назв.)] 
463 1 |0 (RuTPU)RU\TPU\conf\23047  |t Творчество юных - шаг в успешное будущее  |o Арктика и её освоение  |o материалы X Всероссийской научной молодежной конференции с международным участием с элементами научной школы имени профессора М.К. Коровина, г. Томск, 29 мая-2 июня 2017 г.  |f Национальный исследовательский Томский политехнический университет (ТПУ), Институт природных ресурсов (ИПР) ; под ред. А. С. Боева  |v [С. 285-288]  |d 2017 
610 1 |a электронные ресурсы 
610 1 |a Арктика 
610 1 |a арктические зоны 
610 1 |a экспедиции 
610 1 |a исследования 
610 1 |a Крайний Север 
610 1 |a нефтегазовая промышленность 
610 1 |a нефтегазодобывающие районы 
610 1 |a климатические условия 
700 1 |a Минеев  |b В. Е. 
701 1 |a Аксенова  |b М. В. 
701 1 |a Сербина  |b А. С. 
702 1 |a Федотов  |b А. С.  |4 727 
801 2 |a RU  |b 63413507  |c 20171226  |g RCR 
856 4 |u http://earchive.tpu.ru/handle/11683/45599 
942 |c BK